Digital journalism : emerging media and the changing horizons of journalism / (Record no. 1840)

000 -LEADER
fixed length control field 01055cam a2200277 a 4500
001 - CONTROL NUMBER
control field 13159617
003 - CONTROL NUMBER IDENTIFIER
control field OSt
005 - DATE AND TIME OF LATEST TRANSACTION
control field 20150603163536.0
008 - FIXED-LENGTH DATA ELEMENTS--GENERAL INFORMATION
fixed length control field 030411s2003 mdua b 001 0 eng
010 ## - LIBRARY OF CONGRESS CONTROL NUMBER
LC control number 2003008617
020 ## - INTERNATIONAL STANDARD BOOK NUMBER
International Standard Book Number 0742526801 (cloth : alk. paper)
020 ## - INTERNATIONAL STANDARD BOOK NUMBER
International Standard Book Number 074252681X (pbk. : alk. paper)
040 ## - CATALOGING SOURCE
Original cataloging agency DLC
Transcribing agency DLC
Modifying agency DLC
050 00 - LIBRARY OF CONGRESS CALL NUMBER
Classification number PN4833.D55 2003
082 00 - DEWEY DECIMAL CLASSIFICATION NUMBER
Classification number 070.4
Edition number 21
245 00 - TITLE STATEMENT
Title Digital journalism : emerging media and the changing horizons of journalism /
Statement of responsibility, etc edited by Kevin Kawamoto.
260 ## - PUBLICATION, DISTRIBUTION, ETC. (IMPRINT)
Place of publication, distribution, etc Lanham, Md. :
Name of publisher, distributor, etc Rowman & Littlefield,
Date of publication, distribution, etc c2003.
300 ## - PHYSICAL DESCRIPTION
Extent xiv, 189 p. :
Other physical details ill. ;
Dimensions 24 cm.
504 ## - BIBLIOGRAPHY, ETC. NOTE
Bibliography, etc Includes bibliographical references and index.
650 #0 - SUBJECT ADDED ENTRY--TOPICAL TERM
Topical term or geographic name as entry element Online journalism.
700 1# - ADDED ENTRY--PERSONAL NAME
Personal name Kawamoto, Kevin.
856 41 - ELECTRONIC LOCATION AND ACCESS
Materials specified Table of contents
Uniform Resource Identifier <a href="http://www.loc.gov/catdir/toc/ecip042/2003008617.html">http://www.loc.gov/catdir/toc/ecip042/2003008617.html</a>
906 ## - LOCAL DATA ELEMENT F, LDF (RLIN)
a 7
b cbc
c orignew
d 1
e ecip
f 20
g y-gencatlg
942 ## - ADDED ENTRY ELEMENTS (KOHA)
Source of classification or shelving scheme
Koha item type Book
Holdings
Withdrawn status Lost status Source of classification or shelving scheme Damaged status Not for loan Home library Current library Shelving location Date acquired Total Checkouts Total Renewals Full call number Barcode Date last seen Date checked out Copy number Price effective from Koha item type Public note
          Riara University Library Riara University Library General stack 03/06/2015 7 2 PN4833.D55 2003 6389/15 22/07/2022 13/06/2022 C.1 04/06/2015 Book Lost Book
          Riara University Library Riara University Library General stack 03/06/2015 2   PN4833.D55 2003 6390/15 25/10/2018 03/10/2018 C.2 04/06/2015 Book  
          Riara University Library Riara University Library General stack 03/06/2015 10   PN4833.D55 2003 6391/15 24/01/2025 19/01/2024 C.3 04/06/2015 Book  

Riara University Library,
P.O. Box 49940-00100,
Nairobi, Kenya.